01029nam a2200205 a 450000100100000000500170001000800410002704000250006808200150009310000420010824500870015026000310023730000270026849000220029559000760031783000290039395201870042295201970060999900170080600003322820250129073605.0110823s1973 xxua 000 0 spa d aDO-SdBNPbspacBNPHU axxxbB174s1 aBalcácer, Juan Daniel,d1949-9656610aLa sociedad primitiva de Quisqueya o Haití :bapuntes /cJuan Daniel Balcácer. aNew York :b[s.n.],c1973. a52 p. :bil. ;c22 cm.1 aNuevos Horizontes aPerteneció a la biblioteca personal de Juan Isidro Jimenes Grullón. 0aNuevos Horizontes958859 001050718MOaPDbPDcHDd2011-08-23iLF1l0oxxx B174sp33228-10r2020-06-25w2020-06-25y1zPerteneció a la biblioteca personal de Juan Isidro Jiménes-GrullónZNo se presta 001050718MOaPDbPDcHDd2015-08-13iLF1l0oxxx B174sp33228-20r2020-06-25te. 2w2020-06-25y1zPerteneció a la biblioteca personal de Chiqui Vicioso / Fidelio Despradel.ZNo se presta c32719d32719